Statistics for Verbs Ending in ISH #1

Click here to take the quiz!

General Stats

  • This quiz has been taken 1,247 times
  • The average score is 15 of 18

Answer Stats

#Hint____ish% Correct
Vdisappear suddenlyvanish
97%
Fend doing somethingfinish
96%
Pprint a book for public salepublish
95%
Fadd furniture to a housefurnish
94%
Pshine a surface by rubbingpolish
94%
Dknock down a buildingdemolish
93%
Gadd decoration to a mealgarnish
92%
Eput out a fireextinguish
89%
Bexile or get rid of someonebanish
88%
Pinflict a penalty uponpunish
87%
Aformally end e.g. a monarchyabolish
81%
Aachieve a goal successfullyaccomplish
76%
Chold dear and care for lovinglycherish
76%
Wfeel or express a strong desirewish
74%
Eadd interesting untruths to a storyembellish
73%
Bwield a weapon threateninglybrandish
70%
Ddiscern something as differentdistinguish
65%
Rrenovate and redecorate a houserefurbish
56%

Score Distribution

Percentile by Number Answered

Percent of People with Each Score

Your Score History

You have not taken this quiz